000 00316nam a22001337a 4500
008 181009b xxu||||| |||| 00| 0 eng d
020 _a9780534562441
041 _aeng
080 _23rd
_a620
100 _a26
101 _aMEK
245 _aVisual Communication Images with Messages
_cLester,P.M
942 _2udc
_cBK
999 _c49195
_d49195